[Event "Wch U14 Girls"]
[Site "Montesilvano"]
[Date "2023.11.24"]
[Round "11"]
[White "Diasamidze, Lulu"]
[Black "Dicen, Elis Denele"]
[Result "0-1"]
[WhiteElo "1676"]
[BlackElo "1976"]
[PlyCount "96"]
[EventDate "2023.11.13"]
[EventType "swiss"]
[EventRounds "11"]
[EventCountry "ITA"]
[SourceTitle "CB48_2023"]
[SourceDate "2023.11.29"]
[SourceVersion "1"]
[SourceVersionDate "2023.11.29"]
[SourceQuality "1"]

1. e4 c5 2. Nf3 d6 3. d4 cxd4 4. Nxd4 Nf6 5. Nc3 a6 6. h3 e5 7. Nb3 Be7 8. g4 h6 9. Be3 Be6 10. Bg2 b5 11. 0-0 0-0 12. Qd2 Nbd7 13. Ne2 Nb6 14. Bxb6 Qxb6 15. Ng3 Rfd8 16. Nf5 Bxf5 17. exf5 d5 18. Qe2 e4 19. Rad1 Rac8 20. Kh1 Bd6 21. f3 exf3 22. Bxf3 Re8 23. Qg2 Ne4 24. Bxe4 dxe4 25. Rfe1 e3 26. Rd3 Bf4 27. Nd4 Rcd8 28. c3 b4 29. Qf3 Bg5 30. Qg3 bxc3 31. bxc3 Qb7+ 32. Qg2 Qc7 33. Red1 Rc8 34. Ne2 Qc4 35. a3 Rb8 36. Rd4 Qa2 37. Rb4 a5 38. Rxb8 Rxb8 39. Nc1 Qxa3 40. h4 Bxh4 41. Qh2 Rb1 42. Qxh4 Rxc1 43. Qd8+ Kh7 44. f6 Rxd1+ 45. Qxd1 Qxc3 46. fxg7 Kxg7 47. g5 hxg5 48. Qh5 Qe5 0-1

[Event "Wch U14 Girls"]
[Site "Montesilvano"]
[Date "2023.11.22"]
[Round "9"]
[White "Diasamidze, Lulu"]
[Black "Stoll, Lucia"]
[Result "1-0"]
[WhiteElo "1676"]
[BlackElo "1887"]
[PlyCount "157"]
[EventDate "2023.11.13"]
[EventType "swiss"]
[EventRounds "11"]
[EventCountry "ITA"]
[SourceTitle "CB48_2023"]
[SourceDate "2023.11.29"]
[SourceVersion "1"]
[SourceVersionDate "2023.11.29"]
[SourceQuality "1"]

1. e4 e5 2. Nf3 Nc6 3. Bb5 a6 4. Ba4 f5 5. Bxc6 dxc6 6. exf5 e4 7. Qe2 Bxf5 8. Nc3 Qe7 9. Nd4 Bg6 10. Qc4 0-0-0 11. Qe6+ Kb8 12. Qxe7 Bxe7 13. Ne6 Rd6 14. Nf4 Bf5 15. b3 g5 16. Nfe2 Bf6 17. Bb2 Ne7 18. Ba3 Rd7 19. Bxe7 Rxe7 20. 0-0-0 Bg6 21. Rde1 Rf8 22. Rhf1 Ref7 23. Nd1 Be5 24. h3 b6 25. Nec3 Bxc3 26. dxc3 c5 27. c4 Kb7 28. a4 h5 29. Re3 h4 30. Kd2 Rd8+ 31. Kc1 Rdf8 32. Kd2 Kc6 33. Ke1 Kd6 34. Nc3 Re7 35. g3 Rf3 36. gxh4 gxh4 37. Rg1 Bf5 38. Rg5 Re5 39. Rh5 Rxe3+ 40. fxe3 Bxh3 41. Rxh4 Bg2 42. Nd5 Bf3 43. Rh6+ Kd7 44. Rh7+ Kd6 45. Nxc7 Rg5 46. Nd5 Rg2 47. c3 Ke5 48. Re7+ Kf5 49. Rf7+ Ke5 50. Rb7 Re2+ 51. Kf1 Rh2 52. Rxb6 Rh1+ 53. Kf2 Rh2+ 54. Kg3 Rg2+ 55. Kh3 Rg7 56. Rxa6 Kf5 57. Rf6+ Kg5 58. Kg3 Kh5+ 59. Kf4 Bd1 60. Rb6 Bc2 61. a5 Bd3 62. a6 Bc2 63. Rb7 Rg4+ 64. Kf5 Rg5+ 65. Ke6 Rg6+ 66. Kf7 Rxa6 67. b4 Bb3 68. Nb6 Kg5 69. bxc5 Ra5 70. c6 Rc5 71. c7 Bxc4+ 72. Nxc4 Rxc4 73. Ke6 Kg4 74. Kd7 Kf3 75. c8Q Rxc8 76. Kxc8 Kxe3 77. Re7 Kd3 78. c4 e3 79. c5 1-0

[Event "Wch U14 Girls"]
[Site "Montesilvano"]
[Date "2023.11.21"]
[Round "8"]
[White "Diasamidze, Lulu"]
[Black "Lyutsinger, Iren"]
[Result "0-1"]
[WhiteElo "1676"]
[BlackElo "2020"]
[PlyCount "70"]
[EventDate "2023.11.13"]
[EventType "swiss"]
[EventRounds "11"]
[EventCountry "ITA"]
[SourceTitle "CB48_2023"]
[SourceDate "2023.11.29"]
[SourceVersion "1"]
[SourceVersionDate "2023.11.29"]
[SourceQuality "1"]

1. e4 c5 2. Nf3 d6 3. d4 cxd4 4. Nxd4 Nf6 5. Nc3 a6 6. h3 e5 7. Nb3 Be6 8. f4 Qc7 9. Be2 Be7 10. 0-0 0-0 11. f5 Bc4 12. Be3 b5 13. Bxc4 bxc4 14. Nd2 Qc6 15. Qe2 Rc8 16. Kh2 Nbd7 17. Rac1 d5 18. exd5 Nxd5 19. Nxd5 Qxd5 20. Rfd1 e4 21. Bf4 Nf6 22. g4 Bd6 23. Bxd6 Qxd6+ 24. Kh1 c3 25. Nf1 cxb2 26. Rb1 Qa3 27. Ne3 Rc3 28. Re1 Nd7 29. Qd2 Nb6 30. Kg2 Rac8 31. f6 Nc4 32. Nxc4 R3xc4 33. c3 Rxc3 34. Rxb2 Rg3+ 35. Kf1 Qf3+ 0-1

[Event "Wch U14 Girls"]
[Site "Montesilvano"]
[Date "2023.11.20"]
[Round "7"]
[White "Maklakova, Naomi"]
[Black "Diasamidze, Lulu"]
[Result "0-1"]
[WhiteElo "1873"]
[BlackElo "1676"]
[PlyCount "94"]
[EventDate "2023.11.13"]
[EventType "swiss"]
[EventRounds "11"]
[EventCountry "ITA"]
[SourceTitle "CB48_2023"]
[SourceDate "2023.11.29"]
[SourceVersion "1"]
[SourceVersionDate "2023.11.29"]
[SourceQuality "1"]

1. d4 Nf6 2. Bf4 e6 3. Nf3 c5 4. e3 cxd4 5. exd4 b6 6. Nbd2 Bb7 7. Nc4 d6 8. Bd3 Be7 9. 0-0 0-0 10. Re1 Qc7 11. Ne3 Nd5 12. Nxd5 Bxd5 13. c4 Bb7 14. Ng5 Bxg5 15. Bxg5 f6 16. Bh4 e5 17. d5 f5 18. f3 Na6 19. Rc1 h6 20. a3 Nc5 21. Bb1 Nd7 22. b4 Rac8 23. Qd3 Ba6 24. Ba2 Qb8 25. Kh1 Kh8 26. g4 e4 27. fxe4 Ne5 28. Qe2 f4 29. g5 f3 30. Qf1 h5 31. Bg3 f2 32. Bxf2 Ng4 33. Re2 Rf3 34. Qg2 Rcf8 35. Bd4 Qd8 36. h3 Qxg5 37. Rc3 Rf1+ 38. Bg1 Qh4 39. Qg3 Qxg3 40. Rxg3 Ne5 41. b5 h4 42. Rgg2 Bc8 43. Rgf2 R8xf2 44. Rxf2 Bxh3 45. Rxf1 Bxf1 46. Bh2 Nf3 47. e5 h3 0-1

[Event "Wch U14 Girls blitz"]
[Site "Batumi"]
[Date "2023.06.11"]
[Round "8"]
[White "Gaszka, Zuzanna"]
[Black "Diasamidze, Lulu"]
[Result "0-1"]
[WhiteElo "1689"]
[BlackElo "1523"]
[PlyCount "120"]
[EventDate "2023.06.10"]
[EventType "swiss (blitz)"]
[EventRounds "11"]
[EventCountry "GEO"]
[SourceTitle "EXT 2024"]
[Source "ChessBase"]
[SourceDate "2023.10.10"]
[SourceVersion "1"]
[SourceVersionDate "2023.10.10"]
[SourceQuality "1"]
[WhiteTeam "Poland"]
[BlackTeam "Georgia"]
[WhiteTeamCountry "POL"]
[BlackTeamCountry "GEO"]

1. e4 c5 2. Nf3 e6 3. d4 cxd4 4. Nxd4 Nf6 5. Nc3 Nc6 6. a3 d6 7. Be2 Be7 8. Be3 e5 9. Nf3 Ng4 10. Qd2 Nxe3 11. Qxe3 Be6 12. 0-0 0-0 13. Rad1 a6 14. h3 Qc7 15. Nd5 Bxd5 16. Rxd5 Na5 17. Rfd1 Rad8 18. b3 Nc6 19. c4 f5 20. exf5 Rxf5 21. Bd3 Rff8 22. Be4 Bf6 23. Ng5 Bxg5 24. Qxg5 Rf6 25. Qh4 h6 26. R5d3 Nd4 27. Bd5+ Kh8 28. R1d2 Rdf8 29. Qe4 Rf4 30. Qg6 R4f6 31. Qg3 b5 32. Rc3 bxc4 33. Bxc4 Qa5 34. b4 Qb6 35. Re3 Nf5 36. Qf3 Nxe3 37. Qxe3 Qxe3 38. fxe3 Ra8 39. Rd5 g6 40. Ra5 Kg7 41. b5 Rc8 42. bxa6 Rxc4 43. a7 Rf8 44. a8Q Rxa8 45. Rxa8 Rc3 46. a4 Rxe3 47. Kf2 Ra3 48. a5 Kf6 49. a6 Kf5 50. a7 Ke4 51. Ke2 d5 52. Kd2 g5 53. Ke2 d4 54. Kd2 h5 55. g4 hxg4 56. hxg4 Ra2+ 57. Kd1 Kd3 58. Ke1 e4 59. Kf1 e3 60. Ke1 Ra1# 0-1

[Event "Wch U14 Girls rapid"]
[Site "Batumi"]
[Date "2023.06.07"]
[Round "5"]
[White "Haapsal, Maria Ioanna"]
[Black "Diasamidze, Lulu"]
[Result "0-1"]
[WhiteElo "1675"]
[BlackElo "1514"]
[PlyCount "150"]
[EventDate "2023.06.06"]
[EventType "swiss (rapid)"]
[EventRounds "11"]
[EventCountry "GEO"]
[SourceTitle "EXT 2024"]
[Source "ChessBase"]
[SourceDate "2023.10.10"]
[SourceVersion "1"]
[SourceVersionDate "2023.10.10"]
[SourceQuality "1"]
[WhiteTeam "Estonia"]
[BlackTeam "Georgia"]
[WhiteTeamCountry "EST"]
[BlackTeamCountry "GEO"]

1. e4 c5 2. Nf3 e6 3. d4 cxd4 4. Nxd4 a6 5. c4 Nf6 6. Nc3 Bb4 7. Qc2 Nc6 8. Be3 0-0 9. Be2 d5 10. Nxc6 bxc6 11. cxd5 cxd5 12. e5 Ne4 13. 0-0 Nxc3 14. bxc3 Be7 15. Bd3 g6 16. Rfd1 Bd7 17. Qe2 a5 18. c4 dxc4 19. Bxc4 Qc7 20. Rac1 Qb7 21. Rb1 Qc8 22. Rdc1 Qd8 23. Bb6 Qe8 24. Be3 Kh8 25. Rc2 Rc8 26. Bb6 a4 27. Qd3 Kg7 28. Rd2 Bc6 29. Ba6 Ra8 30. h3 Bd5 31. Bb5 Bc6 32. Bc4 Rb8 33. Rdb2 a3 34. Rd2 Qc8 35. Ba6 Qe8 36. Bc4 Qc8 37. Rc2 Qb7 38. Ba6 Qa8 39. f3 Bd8 40. Qe3 Ba4 41. Rc4 Qxa6 42. Qd4 Bxb6 43. Rxb6 Qxb6 44. Rxa4 Qxd4+ 45. Rxd4 Rb2 46. Ra4 Rxa2 47. Kh2 Rb8 48. f4 Rbb2 49. Kg3 Rxg2+ 50. Kf3 Rh2 51. Kg3 Rhc2 52. Kg4 h5+ 53. Kh4 Ra1 54. Ra7 Rf1 55. f5 Rxf5 56. Rxa3 Rc4+ 57. Kg3 Rxe5 58. Rb3 f5 59. h4 Kf6 60. Kf3 Rec5 61. Rb8 Rc7 62. Ke3 e5 63. Rb6+ R7c6 64. Rb8 f4+ 65. Kf3 Rc3+ 66. Kf2 Kf5 67. Rf8+ Kg4 68. Re8 Kxh4 69. Rxe5 Kg4 70. Re4 Rc2+ 71. Kg1 R6c3 72. Rd4 Kg3 73. Rd1 f3 74. Rf1 Rc1 75. Rxc1 Rxc1# 0-1

[Event "GEO-ch (Women) 80th"]
[Site "Tbilisi"]
[Date "2023.02.09"]
[Round "4"]
[White "Diasamidze, Lulu"]
[Black "Javakhishvili, Lela"]
[Result "0-1"]
[WhiteElo "1541"]
[BlackElo "2440"]
[PlyCount "72"]
[EventDate "2023.02.06"]
[EventType "tourn"]
[EventRounds "9"]
[EventCountry "GEO"]
[SourceTitle "CBM 212 Extra"]
[Source "ChessBase"]
[SourceDate "2023.03.31"]
[SourceVersion "1"]
[SourceVersionDate "2023.03.31"]
[SourceQuality "1"]

1. e4 c5 2. Nf3 Nc6 3. Bb5 e6 4. d4 cxd4 5. Nxd4 Nf6 6. Nc3 Bb4 7. Nxc6 bxc6 8. Bd3 d5 9. exd5 cxd5 10. 0-0 0-0 11. Ne2 e5 12. c3 Bd6 13. Ng3 h6 14. Qe2 a5 15. f3 Re8 16. Bb5 Re7 17. Be3 Qc7 18. Rfe1 a4 19. Qc2 a3 20. Rab1 e4 21. Bf2 Bc5 22. fxe4 Ng4 23. Rf1 dxe4 24. b4 Bxf2+ 25. Rxf2 Nxf2 26. Qxf2 Qxc3 27. Bf1 e3 28. Qe2 Qe5 29. b5 Bb7 30. Rb4 Rd8 31. Qg4 e2 32. Bxe2 Qc5+ 33. Kf1 Qc1+ 34. Kf2 Qe3+ 35. Ke1 Qg1+ 36. Nf1 Rde8 0-1

[Event "EU-ch Hybrid U12 Girls"]
[Site "Tornelo INT"]
[Date "2021.10.15"]
[Round "2"]
[White "Diasamidze, Lulu"]
[Black "Konkol, Sandra"]
[Result "1-0"]
[WhiteElo "1335"]
[BlackElo "1468"]
[PlyCount "137"]
[EventDate "2021.10.15"]
[EventType "swiss"]
[EventRounds "9"]
[EventCountry "NET"]
[SourceTitle "EXT 2023"]
[Source "ChessBase"]
[SourceDate "2022.10.05"]
[SourceVersion "1"]
[SourceVersionDate "2022.10.05"]
[SourceQuality "1"]
[WhiteTeam "Georgia"]
[BlackTeam "Poland"]
[WhiteTeamCountry "GEO"]
[BlackTeamCountry "POL"]

1. e4 d6 2. d4 Nf6 3. Nc3 c6 4. Nf3 Bg4 5. Be2 e6 6. h3 Bh5 7. Be3 Be7 8. Qd2 d5 9. exd5 cxd5 10. 0-0 Nc6 11. Nh2 Bxe2 12. Nxe2 Rc8 13. a3 Na5 14. Qd1 Qc7 15. c3 Nc4 16. Qb3 Ne4 17. Nf3 0-0 18. Rfd1 Qb6 19. Qxb6 Nxb6 20. Ne5 Nd6 21. Nd3 Ndc4 22. Bc1 Na5 23. Rb1 Nb3 24. Bf4 Nc4 25. Ne5 Nxe5 26. Bxe5 Rfd8 27. Nc1 Nxc1 28. Rbxc1 Bd6 29. Bxd6 Rxd6 30. Rc2 Rb6 31. Rdd2 Kf8 32. Kf1 Ke7 33. Ke2 Kf6 34. Rd3 Ke7 35. Ke3 f5 36. g3 h5 37. h4 Kf6 38. Kf3 g5 39. hxg5+ Kxg5 40. Re3 Rh8 41. Rce2 Kf6 42. Rd3 h4 43. gxh4 Rxh4 44. Kg2 Rc6 45. Rg3 Rc7 46. Kf3 Rh1 47. Rg8 Rc6 48. Rf8+ Ke7 49. Rxf5 Kd6 50. Rf6 Ke7 51. Rg6 Rb6 52. Kg2 Rb1 53. Kf3 R1xb2 54. Rgxe6+ Rxe6 55. Rxb2 b6 56. Re2 Rxe2 57. Kxe2 Ke6 58. Ke3 Kf5 59. Kf3 b5 60. Kg3 Kg5 61. f4+ Kf5 62. Kf3 a6 63. Kg3 a5 64. Kf3 a4 65. Kg3 Ke4 66. Kg4 b4 67. cxb4 Kxd4 68. b5 Kc5 69. f5 1-0

[Event "EU-ch Hybrid U12 Girls"]
[Site "Tornelo INT"]
[Date "2021.10.15"]
[Round "8"]
[White "Diasamidze, Lulu"]
[Black "Petrenko, Maryna"]
[Result "1/2-1/2"]
[WhiteElo "1335"]
[BlackElo "1569"]
[PlyCount "105"]
[EventDate "2021.10.15"]
[EventType "swiss"]
[EventRounds "9"]
[EventCountry "NET"]
[SourceTitle "EXT 2023"]
[Source "ChessBase"]
[SourceDate "2022.10.05"]
[SourceVersion "1"]
[SourceVersionDate "2022.10.05"]
[SourceQuality "1"]
[WhiteTeam "Georgia"]
[BlackTeam "Ukraine"]
[WhiteTeamCountry "GEO"]
[BlackTeamCountry "UKR"]

1. e4 e5 2. Nf3 Nc6 3. d4 exd4 4. Nxd4 Nf6 5. Nc3 Bb4 6. Nxc6 bxc6 7. Bd3 h6 8. Bd2 0-0 9. 0-0 d6 10. a3 Bc5 11. Na4 Bd4 12. c3 Bb6 13. Nxb6 cxb6 14. Qc2 Nd7 15. Rad1 Nc5 16. Be3 Qe7 17. Bxc5 dxc5 18. Rfe1 Qg5 19. Qd2 Qxd2 20. Rxd2 Be6 21. Bc2 a5 22. Rd6 Rac8 23. f4 Rfd8 24. Red1 Rxd6 25. Rxd6 b5 26. b3 Kf8 27. f5 Ke7 28. e5 Bd5 29. f6+ gxf6 30. Rxf6 Rg8 31. g3 h5 32. c4 Be6 33. Rf3 Rg5 34. Re3 bxc4 35. bxc4 Bxc4 36. h4 Rg8 37. Bd1 Rh8 38. Rc3 Bd5 39. Rxc5 Ke6 40. Rxa5 Kxe5 41. Kf2 Kd4 42. Ra4+ Kc5 43. Rf4 Be6 44. Ra4 Kb5 45. Rb4+ Ka5 46. Re4 Kb6 47. Re5 Rd8 48. Bxh5 Rd2+ 49. Re2 Rd3 50. Re3 Rd2+ 51. Re2 Rd3 52. Re3 Rd2+ 53. Re2 1/2-1/2

[Event "EU-ch Hybrid U12 Girls"]
[Site "Tornelo INT"]
[Date "2021.10.15"]
[Round "3"]
[White "Mueller, Riyanna"]
[Black "Diasamidze, Lulu"]
[Result "1/2-1/2"]
[WhiteElo "1505"]
[BlackElo "1335"]
[PlyCount "92"]
[EventDate "2021.10.15"]
[EventType "swiss"]
[EventRounds "9"]
[EventCountry "NET"]
[SourceTitle "EXT 2023"]
[Source "ChessBase"]
[SourceDate "2022.10.05"]
[SourceVersion "1"]
[SourceVersionDate "2022.10.05"]
[SourceQuality "1"]
[WhiteTeam "Germany"]
[BlackTeam "Georgia"]
[WhiteTeamCountry "GER"]
[BlackTeamCountry "GEO"]

1. e4 c5 2. c3 d5 3. exd5 Qxd5 4. d4 e6 5. Nf3 Nf6 6. Be3 cxd4 7. cxd4 Be7 8. Nc3 Qd8 9. Bd3 a6 10. Bc2 Nc6 11. a3 b5 12. 0-0 Bb7 13. b4 Rc8 14. Qd3 Nb8 15. Ne5 Nbd7 16. Rac1 Nxe5 17. dxe5 Qxd3 18. Bxd3 Nd7 19. f4 0-0 20. Ne4 Bd5 21. Nd6 Bxd6 22. exd6 Nf6 23. Bc5 Nd7 24. a4 Bc6 25. Rf2 Rfd8 26. axb5 axb5 27. Rfc2 Ra8 28. Bd4 Bd5 29. Bxb5 Nf8 30. d7 Nxd7 31. Bxd7 Rxd7 32. Rc8+ Rd8 33. Rxd8+ Rxd8 34. b5 h6 35. b6 Rb8 36. Rc7 Rb7 37. Rc8+ Kh7 38. Kf2 Kg6 39. g4 h5 40. h3 f6 41. Rc7 hxg4 42. hxg4 Rxc7 43. bxc7 Bb7 44. Ke2 Kf7 45. Kd3 Ke7 46. Kc4 Kd6 1/2-1/2

[Event "EU-ch Hybrid U12 Girls"]
[Site "Tornelo INT"]
[Date "2021.10.15"]
[Round "9"]
[White "Satanovskaia, Evgeniia"]
[Black "Diasamidze, Lulu"]
[Result "1-0"]
[WhiteElo "1709"]
[BlackElo "1335"]
[PlyCount "64"]
[EventDate "2021.10.15"]
[EventType "swiss"]
[EventRounds "9"]
[EventCountry "NET"]
[SourceTitle "EXT 2023"]
[Source "ChessBase"]
[SourceDate "2022.10.05"]
[SourceVersion "1"]
[SourceVersionDate "2022.10.05"]
[SourceQuality "1"]
[WhiteTeam "Russia"]
[BlackTeam "Georgia"]
[WhiteTeamCountry "RUS"]
[BlackTeamCountry "GEO"]

1. d4 Nf6 2. Nf3 e6 3. e3 d5 4. Bd3 g6 5. 0-0 Bg7 6. Nbd2 0-0 7. b3 Nc6 8. Bb2 b6 9. c4 dxc4 10. bxc4 Bb7 11. e4 a5 12. Rc1 Nb4 13. Bb1 c5 14. a3 Na6 15. d5 exd5 16. cxd5 Nd7 17. Bxg7 Kxg7 18. Nc4 Rb8 19. Qd3 f6 20. Qc3 h6 21. e5 f5 22. e6+ Nf6 23. d6 Re8 24. e7 Qd7 25. Nfe5 Qe6 26. Rfe1 Qd5 27. Qg3 g5 28. Rcd1 Qg8 29. Bxf5 Bd5 30. Nd7 Nxd7 31. Bxd7 Bxc4 32. Qe5+ Kg6 1-0